Statistics for Skillet - Victorious (All Lyrics)

Click here to take the quiz!

General Stats

  • This quiz has been taken 24 times
  • The average score is 204 of 320

Answer Stats

% Correct
I
100%
A
86%
M
86%
The
86%
Me
79%
To
79%
All
71%
And
71%
Be
71%
Don’t
71%
Hear
71%
How
71%
It
71%
It’s
71%
Like
71%
On
71%
You
71%
Again
64%
But
64%
Can
64%
Can’t
64%
Dead
64%
Face
64%
Give
64%
Know
64%
Long
64%
Talk
64%
They
64%
Up
64%
Victorious
64%
Wanna
64%
What
64%
When
64%
Above
57%
Am
57%
Are
57%
Change
57%
Far
57%
Go
57%
Gone
57%
Gonna
57%
Have
57%
Here
57%
High
57%
Holding
57%
I’m
57%
In
57%
Inside
57%
I’ve
57%
Just
57%
Listening
57%
Loneliness
57%
Losing
57%
Night
57%
Not
57%
Now
57%
Of
57%
One
57%
Out
57%
Prison
57%
Room
57%
Savior
57%
Sentence
57%
So
57%
Stay
57%
Stuck
57%
Tell
57%
Them
57%
There’s
57%
This
57%
Time
57%
Too
57%
Track
57%
Way
57%
Who
57%
Words
57%
Alone
50%
Back
50%
Been
50%
Believe
50%
Break
50%
Came
50%
‘Cause
50%
Emptiness
50%
Falling
50%
Forgotten
50%
Got
50%
Heaven
50%
Help
50%
Hopelessness
50%
Knows
50%
Need
50%
Never
50%
Over
50%
Overnight
50%
Place
50%
Someone
50%
Strong
50%
Their
50%
They’d
50%
They’re
50%
Though
50%
Tried
50%
Understand
50%
Who’s
50%
Kerosene
43%
Crawled
36%
Sleep
29%

Score Distribution

Percentile by Number Answered

Percent of People with Each Score

Your Score History

You have not taken this quiz